| 000 | 00487cam a2200205ua 4500 | ||
|---|---|---|---|
| 001 | 11416 | ||
| 005 | 20260515114742.0 | ||
| 008 | 190918n ii |||gr||||Z||||||eng | ||
| 020 | _a9788181922625 | ||
| 040 | _cMAIN | ||
| 041 | _aeng | ||
| 082 | _a330.015195 | ||
| 100 |
_aRakesh Das, _eAuthor. |
||
| 245 |
_aMathematical economics _cBy Rakesh Das |
||
| 250 | _a1st ed. | ||
| 260 |
_aJaipur: _bSublime publications, _c2014. |
||
| 300 | _a200p. | ||
| 653 | _aEconomics | ||
| 942 | _cBK | ||
| 999 |
_c10247 _d10247 |
||